Focus sur: Rían - Tolkien - Statistiques

Statistiques générales
  • Ce quiz a été pris 9 fois
  • Le résultat moyen est 6 sur 10
Statistiques - réponses
Informations recherchées Réponses % Correct
Couleur des cheveux Brun
100%
Espèce Homme
100%
Ages durant lequel elle vécut Premier
100%
Première apparition Le Silmarillion
89%
Maison (lignée) Peuple de {Bëor}
56%
Dor-lómin (Hithlum)
44%
Epoux Huor
44%
Fils Tuor
44%
Royaumes et contrées Dorthonion
22%
Père Belegund
11%
Aucun quiz correspondant
Distribution des résultats
% des personnes avec chaque résultat
Percentile par nombre de réponses
Votre historique - résultats
Vous n’avez pas pris ce quiz